Shinto and the State, 1868-1988
محفوظ في:
| المؤلف الرئيسي: | |
|---|---|
| التنسيق: | كتاب |
| اللغة: | الإنجليزية |
| منشور في: |
Princeton
Princeton University
1989
|
| الموضوعات: | |
| الوسوم: |
إضافة وسم
لا توجد وسوم, كن أول من يضع وسما على هذه التسجيلة!
|
MARC
| LEADER | 00000nam a2200000 a 4500 | ||
|---|---|---|---|
| 001 | UCX9712 | ||
| 003 | CL-VaPUC | ||
| 008 | 940622e19890000US |||||||||||||||||eng|d | ||
| 082 | 0 | 4 | |a 299.561 |b HAR |2 21 |
| 100 | |a Hardacre, Helen |e author |9 327182 | ||
| 245 | 1 | 0 | |a Shinto and the State, 1868-1988 |
| 300 | |a 203 p | ||
| 942 | |c BK | ||
| 945 | |d 19940622 00:00:00 |a aalvarez | ||
| 260 | |a Princeton |b Princeton University |c 1989 | ||
| 650 | 7 | |a SINTOISMO |2 CL-VaPUC |9 327183 | |
| 583 | |a last modification |c 20120812 04:12:51 |k Rodrigo Vera | ||
| 999 | |c 228875 |d 228873 | ||
| 952 | |0 0 |1 0 |4 0 |6 299_561000000000000_HAR_1989 |7 0 |8 A |9 229359 |a BIBGIM |b BIBGIM |d 2019-11-15 |i 298542K |o 299.561 HAR 1989 |p 298542K |r 2025-01-15 |w 2019-11-15 |y BK |k ORI | ||